Na margo jednej legendy

Bibliographic Details
Main Author: Polakovič, Štefan, 1912-1999 (Author)
Format: Article
Language:Slovak
PhysicalDescription:Fotogr.
ISSN:1335-3470
Subjects:

MARC

LEADER 00000nab a2200000 a 4500
001 vtls000677032
003 SK-MaSNL
005 20260302190924.0
008 140512c1998 xo 0 slo
015 |a SNBRB1998/11-24716 
035 |a CLN000029201 
040 |a SNKBUCL  |b slo  |c SNKBUCL  |e AACR2 
041 0 |a slo 
044 |a xo  |c SK 
080 |a 32-051  |2 1997 
100 1 |a Polakovič, Štefan,  |d 1912-1999  |4 aut  |9 93743 
245 1 0 |a Na margo jednej legendy  |c Štefan Polakovič 
300 |b Fotogr. 
500 |a Reakcia na článok Nacista či nacionalista / Štefan Polakovič : Literárny týždenník - Roč. 11., č. 32 (1998), s. 13 
600 1 7 |a Polakovič, Štefan,  |d 1912-1999  |2 snkbucl  |9 93743 
655 7 |a články z novín a časopisov  |2 snkbucl  |9 267496 
773 0 |t Kultúra  |g Roč. 1, č. 22 (1998), s. 12  |x 1335-3470 
850 |a Slovenská národná knižnica v Martine 
852 |a SNK  |b KIS3GCP 
958 |a SK 
992 |a RBX 
999 |c 1435321  |d 1437251